| 000 | 00780nam a2200229 a 4500 | ||
|---|---|---|---|
| 005 | 20210223124759.0 | ||
| 008 | 021106s1999 mx r 000 0 spa d | ||
| 020 | _a847030657X | ||
| 035 | _aUPN01000120770 | ||
| 049 | _aCG | ||
| 050 | 4 |
_aBF109 G6.7 _bD8.28 |
|
| 100 | 1 | _aDuparc,Francois | |
| 245 | 1 | 0 |
_aAndré Green / _cFrancois Dupac ;tr. Pilar Artaloytia. |
| 250 | _aed. española rev. por Isabel Usobiaga. | ||
| 260 |
_aMadrid : _bAsociación Psicoanalítica de Madrid : _bBiblioteca Nueva, _c1999. |
||
| 300 |
_a155 p. : _bil. |
||
| 440 | 0 |
_aPsicoanálisis de hoy ; _v2 |
|
| 500 | _aTítulo en la cubierta : André Green : vida y pensamiento psicoanalítico. | ||
| 650 | 4 |
_aPSICOLOGOS - _vBIOGRAFIA _922246 |
|
| 650 | 4 |
_aPSICOANALISIS - _xHISTORIA _96139 |
|
| 905 | _aLibro | ||
| 999 |
_c93104 _d93104 |
||